| 000 | 01673nam2a22002291 4500 | ||
|---|---|---|---|
| 001 | rc\4020667 | ||
| 005 | 20250611061019.0 | ||
| 035 | _a(NLR Aleph) 008086358 | ||
| 090 |
_a9155903 _c9155903 |
||
| 100 | _a20130415d1952 |||y0rusy50 ca | ||
| 101 | 0 | _arus | |
| 102 | _aRU | ||
| 105 | _aa z ||||| | ||
| 200 | 0 | _aЛекция 2 | |
| 210 |
_aЛенинград _cБ. и. _d1952 |
||
| 215 |
_a14 с. _cчерт. |
||
| 461 | 0 |
_1001rc\4020665 _12001#$aНовое в технике производства каменных и облицовочных работ в зимних условиях$e(Стенограмма из цикла лекций для руководящих работников строит. организаций)$eЛекция 1-$fВсесоюз. о-во по распространению полит. и науч. знаний. Ленингр. дом науч.-техн. пропаганды$vЛекция 2 _1700#1$aДавидсон$bМ.Г.$gМихаил Генрихович _99155895 _aДавидсон, М.Г. _cЛенинград _d1952 _fВсесоюз. о-во по распространению полит. и науч. знаний. Ленингр. дом науч.-техн. пропаганды _nБ. и. _o(Стенограмма из цикла лекций для руководящих работников строит. организаций) : Лекция 1- _tНовое в технике производства каменных и облицовочных работ в зимних условиях _vЛекция 2 |
|
| 801 | 0 |
_aRU _bNLR _gpsbo |
|
| 801 | 1 |
_aRU _bELAR _2rusmarc |
|
| 852 |
_aNLR _jТ80 Г-6/1152 |
||
| 942 | _cBOOK | ||
| 980 | _aNB | ||